| 000 | 00841nam a2200265Ia 4500 | ||
|---|---|---|---|
| 005 | 20220317001220.0 | ||
| 008 | 160825s2001 ag a g 000 0 spa | ||
| 020 | _a9501290042 | ||
| 082 | 0 | 4 |
_a808.2 _bC67t |
| 100 | 1 | _aCosentino, Olga | |
| 245 | 1 | 0 |
_aTeatro del Siglo XX _bel cansancio de las leyendas _cOlga Cosentino, Pablo Zunino |
| 250 | _a1a. edición | ||
| 300 |
_a168 páginas _bilustraciones _c21 cm |
||
| 490 | _apostales | ||
| 650 | 1 | 4 |
_2LEMB _aTeatro _xCrítica e interpretación |
| 650 | 1 | 4 |
_2LEMB _aTeatro _xHistoria |
| 650 | 1 | 4 |
_2LEMB _aTeatro y sociedad |
| 700 | 1 |
_aZunino, Pablo _967714 |
|
| 942 |
_2ddc _cBK |
||
| 264 |
_aBuenos Aires _bPaidós _c2001 |
||
| 336 |
_atexto _btxt _2rdacontent |
||
| 337 |
_asin mediación _bn _2rdamedia |
||
| 338 |
_avolumen _bnc _2rdacarrier |
||
| 040 |
_aCO-BoRNBP _bspa _erda _cCO-BoRNBP |
||
| 999 |
_c6267 _d6267 |
||